कालिदास और उनका युग / (Record no. 113779)

MARC details
000 -LEADER
fixed length control field 01171nam a22002537a 4500
005 - DATE AND TIME OF LATEST TRANSACTION
control field 20170124102958.0
010 ## - LIBRARY OF CONGRESS CONTROL NUMBER
LC control number B-023229
020 ## - INTERNATIONAL STANDARD BOOK NUMBER
Terms of availability 280.00
035 ## - SYSTEM CONTROL NUMBER
System control number B-023229
037 ## - SOURCE OF ACQUISITION
Source of stock number/acquisition Cen Lib/Ret
040 ## - CATALOGING SOURCE
Original cataloging agency DPL
Language of cataloging HN
082 ## - DEWEY DECIMAL CLASSIFICATION NUMBER
Classification number 811.08
Item number कलिदा
245 ## - TITLE STATEMENT
Title कालिदास और उनका युग /
Statement of responsibility, etc संपादक गोविन्द चन्द्र पाण्डेय
246 ## - VARYING FORM OF TITLE
Title proper/short title Kalidas aur unka yug /
Remainder of title sampadak Govind Chandra Pandey
260 ## - PUBLICATION, DISTRIBUTION, ETC. (IMPRINT)
Place of publication, distribution, etc इलाहाबाद
Name of publisher, distributor, etc राका प्रकाशन
Date of publication, distribution, etc 1998
270 ## - ADDRESS
Address ४०ए, मोती लाल नेहरु रोड
City इलाहाबाद
Postal code 211009
300 ## - PHYSICAL DESCRIPTION
Extent viii,166पृ. :
Dimensions 22सेमी (सजिल्द)
Other physical details सचित्र
650 ## - SUBJECT ADDED ENTRY--TOPICAL TERM
Topical term or geographic name as entry element हिन्दी साहित्य
9 (RLIN) 53881
650 ## - SUBJECT ADDED ENTRY--TOPICAL TERM
Topical term or geographic name as entry element हिन्दी साहित्य -- आलोचना
9 (RLIN) 7272
650 ## - SUBJECT ADDED ENTRY--TOPICAL TERM
Topical term or geographic name as entry element Hindi literature
9 (RLIN) 53882
650 ## - SUBJECT ADDED ENTRY--TOPICAL TERM
Topical term or geographic name as entry element Hindi literature -- Criticism
9 (RLIN) 53883
700 ## - ADDED ENTRY--PERSONAL NAME
Personal name पाण्डेय, गोविन्द चन्द्र
9 (RLIN) 53838
942 ## - ADDED ENTRY ELEMENTS (KOHA)
Source of classification or shelving scheme Dewey Decimal Classification
Koha item type Hindi Books
Classification part 811.08
Call number suffix कलिदा
Holdings
Withdrawn status Lost status Damaged status Not for loan Home library Current library Date acquired Source of acquisition Cost, normal purchase price Total Checkouts Full call number Barcode Date last seen Date checked out Copy number Cost, replacement price Price effective from Koha item type
        Central Library Central Library 13/08/2015 Cen Lib/Ret 200.00 1 811.08 कलिदा B-023229 25/07/2019 11/07/2019 1 200.00 13/08/2015 Hindi Books
        Central Library Central Library 13/08/2015 Cen Lib/Ret 280.00 1 811.08 कलिदा B-063878 03/11/2025 24/10/2025 2 280.00 13/08/2015 Hindi Books

© Delhi Public Library
Hit Counter
free hit counter